000 00377 a2200145 4500
001 166489
020 _a
040 _cMagnum
100 _aBorges, Cecilia Maria Ferreira
240 1 0 _aO professor de educacao fisica e a construcao do saber
_lpor
245 1 0 _aO professor de educacao fisica e a construcao do saber
362 0 _a1899
697 _aPEDAGOGIA
942 _cBK
999 _c166489
_d166489